Défense de la Declaration de la Assamblée du clergé de France de 1682, touchant la puissance ecclesiastique / (Record no. 152449)

MARC details
000 -LEADER
campo de control de longitud fija 01031nam a22002175i 4500
001 - NÚMERO DE CONTROL
campo de control 152449
003 - IDENTIFICADOR DE NÚMERO DE CONTROL
campo de control ES-MaACL
005 - FECHA Y HORA DE LA ÚLTIMA TRANSACCIÓN
campo de control 20251015063135.0
008 - DATOS DE LONGITUD FIJA--INFORMACIÓN GENERAL
campo de control de longitud fija 950421s1745 ne |||| | fre d
040 ## - FUENTE DE CATALOGACIÓN
Centro catalogador/agencia de origen CAM
Centro/agencia transcriptor CCPB | SIC
Lengua de catalogación spa
100 1# - ENTRADA PRINCIPAL--NOMBRE DE PERSONA
Nombre de persona Bossuet, Jacques Bénigne,
Fechas asociadas al nombre 1627-1704
9 (RLIN) 30723
245 10 - MENCIÓN DEL TÍTULO
Título Défense de la Declaration de la Assamblée du clergé de France de 1682, touchant la puissance ecclesiastique /
Mención de responsabilidad, etc. par messire Benigne Bossuet, Evêque de Meaux ; traduite en françois, avec des notes ; tome second.
260 ## - PUBLICACIÓN, DISTRIBUCIÓN, ETC.
Lugar de publicación, distribución, etc. A Amsterdam :
Nombre del editor, distribuidor, etc. Aux dépens de la Compagnie,
Fecha de publicación, distribución, etc. 1745.
300 ## - DESCRIPCIÓN FÍSICA
Extensión [4], 491 [i.e. 495], [2] p. ;
Dimensiones 4º.
597 ## - NOTA DE DESCRIPCIÓN FÍSICA
NOTA DE DESCRIPCIÓN FÍSICA Sign. : []2, A-Z4, 2A-2Z4, 3A-3P4, 3Q5.
597 ## - NOTA DE DESCRIPCIÓN FÍSICA
NOTA DE DESCRIPCIÓN FÍSICA Error de pag., de p. 191 a 188.
597 ## - NOTA DE DESCRIPCIÓN FÍSICA
NOTA DE DESCRIPCIÓN FÍSICA Port. con grab. xil.
597 ## - NOTA DE DESCRIPCIÓN FÍSICA
NOTA DE DESCRIPCIÓN FÍSICA Antep.
852 ## - LOCALIZACIÓN
Ubicación ES-MaACL
Número de control de estantería R-1129-31
Nota libre -- Enc. pasta
-- -- Ex-libris de la Biblioteca del Rey N. Señor
-- Sello con la inscripción: Inventariado por Las Cortes, 1874
Encuadernación -- Olim: G-12047-49
Holdings
Estatus retirado Estado de pérdida Estado de daño No para préstamo Colección Biblioteca de origen Biblioteca actual Ubicación en estantería Fecha de adquisición Total de préstamos Signatura topográfica completa Código de barras Visto por última vez Precio de reemplazo Tipo de ítem Koha
        Libros del s. XVIII Biblioteca del Ateneo de Madrid Biblioteca del Ateneo de Madrid Depósito 17/01/2008   R-1129-31 1159187 23/02/2023 23/02/2023 Libro impreso antiguo